<?xml version="1.0" encoding="UTF-8"?><?xml-stylesheet type="text/xsl" href="static/style.xsl"?><OAI-PMH xmlns="http://www.openarchives.org/OAI/2.0/" xmlns:xsi="http://www.w3.org/2001/XMLSchema-instance" xsi:schemaLocation="http://www.openarchives.org/OAI/2.0/ http://www.openarchives.org/OAI/2.0/OAI-PMH.xsd"><responseDate>2026-04-28T19:06:53Z</responseDate><request verb="GetRecord" identifier="oai:uvadoc.uva.es:10324/49802" metadataPrefix="marc">https://uvadoc.uva.es/oai/request</request><GetRecord><record><header><identifier>oai:uvadoc.uva.es:10324/49802</identifier><datestamp>2021-11-09T21:46:05Z</datestamp><setSpec>com_10324_1145</setSpec><setSpec>com_10324_931</setSpec><setSpec>com_10324_894</setSpec><setSpec>col_10324_1254</setSpec></header><metadata><record xmlns="http://www.loc.gov/MARC21/slim" xmlns:doc="http://www.lyncode.com/xoai" xmlns:xsi="http://www.w3.org/2001/XMLSchema-instance" xmlns:dcterms="http://purl.org/dc/terms/" xsi:schemaLocation="http://www.loc.gov/MARC21/slim http://www.loc.gov/standards/marcxml/schema/MARC21slim.xsd">
<leader>00925njm 22002777a 4500</leader>
<datafield tag="042" ind1=" " ind2=" ">
<subfield code="a">dc</subfield>
</datafield>
<datafield tag="720" ind1=" " ind2=" ">
<subfield code="a">Talbi, Sarra</subfield>
<subfield code="e">author</subfield>
</datafield>
<datafield tag="720" ind1=" " ind2=" ">
<subfield code="a">Batoul, Aicha</subfield>
<subfield code="e">author</subfield>
</datafield>
<datafield tag="720" ind1=" " ind2=" ">
<subfield code="a">Fotue Tabue, Alexandre</subfield>
<subfield code="e">author</subfield>
</datafield>
<datafield tag="720" ind1=" " ind2=" ">
<subfield code="a">Martínez Moro, Edgar</subfield>
<subfield code="e">author</subfield>
</datafield>
<datafield tag="260" ind1=" " ind2=" ">
<subfield code="c">2022</subfield>
</datafield>
<datafield tag="520" ind1=" " ind2=" ">
<subfield code="a">In this paper, we explore some properties of hulls of cyclic serial codes over a finite chain ring and we provide an algorithm for computing all the possible parameters of the Euclidean hulls of that codes. We also establish the average pr- dimension of the Euclidean hull, where Fpr is the residue field of R, as well as we give some results of its relative growth.</subfield>
</datafield>
<datafield tag="024" ind2=" " ind1="8">
<subfield code="a">Finite Fields and Their Applications, 2022, vol. 77, 101950</subfield>
</datafield>
<datafield tag="024" ind2=" " ind1="8">
<subfield code="a">1071-5797</subfield>
</datafield>
<datafield tag="024" ind2=" " ind1="8">
<subfield code="a">https://uvadoc.uva.es/handle/10324/49802</subfield>
</datafield>
<datafield tag="024" ind2=" " ind1="8">
<subfield code="a">10.1016/j.ffa.2021.101950</subfield>
</datafield>
<datafield tag="245" ind1="0" ind2="0">
<subfield code="a">Hulls of cyclic serial codes over a finite chain ring</subfield>
</datafield>
</record></metadata></record></GetRecord></OAI-PMH>